[Event "World Amateur-ch U2000"]
[Site "Muscat"]
[Date "2023.11.07"]
[Round "6.14"]
[White "Ahlqvist, Esa"]
[Black "Yang, Sung Jui"]
[Result "0-1"]
[WhiteElo "1880"]
[BlackElo "1808"]
[PlyCount "104"]
[EventDate "2023.11.02"]
[EventType "swiss"]
[EventRounds "9"]
[EventCountry "OMN"]
[SourceTitle "CB46_2023"]
[SourceDate "2023.11.15"]
[SourceVersion "1"]
[SourceVersionDate "2023.11.15"]
[SourceQuality "1"]

1. e4 e6 2. d4 d5 3. Nd2 c5 4. Ngf3 cxd4 5. Nxd4 Nc6 6. Nxc6 bxc6 7. Bd3 Nf6 8. e5 Nd7 9. Nf3 a5 10. 0-0 Ba6 11. c4 Nc5 12. Be2 Be7 13. Nd4 Qc7 14. cxd5 Bxe2 15. Qxe2 cxd5 16. Bf4 0-0 17. Rfc1 Qb8 18. Rc3 Ne4 19. Rb3 Qa7 20. Nc6 Qd7 21. Nxe7+ Qxe7 22. Qg4 f6 23. Rc1 Rac8 24. Rxc8 Rxc8 25. Qd1 fxe5 26. Bxe5 Qg5 27. f4 Qe7 28. h3 h6 29. Kh2 Qh4 30. Qf3 Nd2 31. Qd3 Nxb3 32. Qxb3 Qe7 33. Qb6 Rd8 34. Qxa5 d4 35. Qd2 d3 36. Bc3 Qb7 37. a4 Qa6 38. a5 Rd5 39. b4 Qc4 40. Ba1 Qc2 41. Bc3 Qa4 42. Bb2 Qb5 43. Qc3 Qd7 44. Qd2 Qc6 45. Bc3 Qc4 46. Ba1 Rf5 47. g3 Rd5 48. Bc3 Rd6 49. Kg2 Rc6 50. Kf3 Qxc3 51. Ke3 Qxd2+ 52. Kxd2 Rc4 0-1

[Event "Hong Kong Jolimark op"]
[Site "Hong Kong"]
[Date "2018.12.24"]
[Round "4"]
[White "Huang, Yuen Tung"]
[Black "Yang, Sung Jui"]
[Result "0-1"]
[WhiteElo "1266"]
[BlackElo "1739"]
[PlyCount "150"]
[EventDate "2018.12.22"]
[EventType "swiss"]
[EventRounds "9"]
[EventCountry "HKG"]
[SourceTitle "CBM 188 Extra"]
[Source "ChessBase"]
[SourceDate "2019.02.26"]
[SourceVersion "1"]
[SourceVersionDate "2019.02.26"]
[SourceQuality "1"]

1. e4 e6 2. d4 d5 3. Nd2 Be7 4. Ngf3 Nf6 5. Bd3 c5 6. c3 cxd4 7. cxd4 dxe4 8. Nxe4 Nbd7 9. Ne5 Nxe5 10. dxe5 Qa5+ 11. Bd2 Qxe5 12. Bc3 Qd5 13. Bxf6 gxf6 14. Bc2 Bb4+ 15. Kf1 Qxd1+ 16. Rxd1 Ke7 17. a3 Ba5 18. Ke2 Bd7 19. Nxf6 Bb5+ 20. Kf3 Kxf6 21. Be4 Rab8 22. b4 Bb6 23. Rd2 Ke7 24. Re1 h6 25. g3 Rhc8 26. Rc2 Rxc2 27. Bxc2 Rc8 28. Be4 Bc6 29. Kg2 f5 30. Bxc6 Rxc6 31. a4 Rc2 32. Rf1 Rb2 33. a5 Bd4 34. h3 Rxb4 35. g4 Rb5 36. Rd1 Bf6 37. Rc1 Kd7 38. Rd1+ Kc6 39. Rc1+ Rc5 40. Re1 Kd6 41. Rb1 fxg4 42. hxg4 Kc6 43. Rh1 Bg5 44. Ra1 Kb5 45. Rb1+ Ka6 46. Rb4 e5 47. Kf3 Rxa5 48. Ke2 Ra2+ 49. Kf3 b5 50. Rb1 Ka5 51. Rd1 Bf4 52. Rd5 Ka4 53. Rd7 a5 54. Kg2 b4 55. Rb7 b3 56. Kf1 b2 57. Ke1 Ra1+ 58. Ke2 b1Q 59. Rxb1 Rxb1 60. Kf3 Kb4 61. Ke4 a4 62. f3 a3 63. Kf5 a2 64. Kg6 a1Q 65. Kf5 Rf1 66. Kg6 Qa6+ 67. Kf5 Qd3+ 68. Kf6 Bg5+ 69. Ke6 Qc4+ 70. Kd6 Rd1+ 71. Kxe5 Re1+ 72. Kf5 Qf4+ 73. Kg6 Qf6+ 74. Kh7 Re7+ 75. Kg8 Qg7# 0-1